00274nam a22000977a 450000500170000000800410001702000100005804000080006824500470007626000530012320200817160424.0200817b ||||| |||| 00| 0 eng d a15862 cCML aConnexions: Standards of Living.cBarr, J. aGreat BritainbHazell Watson and Viney Ltdc1969